01758nam a22002537a 4500008004100000020001800041040000800059041001300067100004000080240004200120245009600162300002400258520049900282520046600781650004001247650002501287650002701312650002501339650003701364655002001401655002601421655002401447700003301471251020b |||||||| |||| 00| 0 eng d a9782253940920 cTBS afrehjpn aKawaguchi, Toshikazud1971-eauthor aKōhī ga samenai uchi ni.lFrench. aTant que le café est encore chaudc/ Toshikazu Kawaguchi ; translated by Miyako Slocombe. a238 pages ;c18 cm. aÀ Tokyo se trouve un petit établissement au sujet duquel circulent mille légendes. On raconte notamment qu'en y dégustant un délicieux café, on peut retourner dans le passé. Mais ce voyage comporte des règles : il ne changera pas le présent et dure tant que le café est encore chaud. Quatre femmes vont vivre cette singulière expérience et comprendre que le présent importe davantage que le passé et ses regrets. Comme le café, il faut en savourer chaque gorgée. aIn a back alley in Tokyo, there is a café which has been serving carefully brewed coffee for more than one hundred years. But this coffee shop offers its customers a unique experience: the chance to travel back in time... we meet four visitors, each of whom is hoping to make use of the café's time-travelling offer... But customers must sit in a particular seat, they cannot leave the café, and they must return to the present before the coffee gets cold 0aCoffee shopszJapanzTokyovFiction 0aImaginationvFiction 0aTime reversalvFiction 0aTime travelvFiction 0aInterpersonal relationsvFiction 0aFantasy fiction 0aMagic realist fiction 0aTime-travel fiction aSlocombe, Miyakoetranslator